|
|
|
|
| LEADER |
00000nam a2200000Ii 4500 |
| 001 |
DIGBN04000 |
| 003 |
NyNyDIG |
| 006 |
m o d |
| 007 |
cr ||||||||||| |
| 008 |
100625s1969 sp o 000 p spa d |
| 035 |
|
|
|a (OCoLC)679868846
|
| 040 |
|
|
|a DGITA
|b eng
|e pn
|c DGITA
|
| 050 |
1 |
4 |
|a PQ8098.12.A8 eBook
|
| 100 |
1 |
|
|a Bascuñán, María Luisa.
|
| 245 |
1 |
3 |
|a El sudor de las piedras /
|c Trueque-Trueque.
|
| 264 |
|
1 |
|a Madrid :
|b Biblioteca Nueva,
|c 1969.
|
| 300 |
|
|
|a 1 online resource (83 pages) :
|b ill.
|
| 336 |
|
|
|a text
|b txt
|2 rdacontent
|
| 337 |
|
|
|a computer
|b c
|2 rdamedia
|
| 338 |
|
|
|a online resource
|b cr
|2 rdacarrier
|
| 490 |
1 |
|
|a Poesía actual. Número extra;
|
| 655 |
|
0 |
|a Electronic books.
|
| 700 |
1 |
|
|a Bascuñán, María Luisa
|t Trueque-Trueque.
|f 1969.
|
| 791 |
2 |
|
|a Digitalia (Firm),
|e distributor.
|
| 740 |
0 |
|
|a Trueque-Trueque.
|
| 830 |
|
0 |
|a Poesía actual (Biblioteca Nueva (Firm)),
|v Extra.
|
| 793 |
0 |
|
|g Digitalia eBook Collection:
|a Biblioteca Nueva
|
| 856 |
4 |
0 |
|3 Digitalia Hispánica
|u https://www.digitaliapublishing.com/a/5985/
|
| 910 |
|
|
|a Premium Collection: 2007-2012
|